Non-Violence and Social Change (Record no. 222956)
[ view plain ]
| 000 -LEADER | |
|---|---|
| fixed length control field | 00651nam a22002177a 4500 |
| 005 - DATE AND TIME OF LATEST TRANSACTION | |
| control field | 20220516152737.0 |
| 008 - FIXED-LENGTH DATA ELEMENTS--GENERAL INFORMATION | |
| fixed length control field | 220516b ||||| |||| 00| 0 eng d |
| 040 ## - CATALOGING SOURCE | |
| Transcribing agency | AL |
| 041 ## - LANGUAGE CODE | |
| Language code of text/sound track or separate title | English |
| 082 ## - DEWEY DECIMAL CLASSIFICATION NUMBER | |
| Edition number | 23 |
| Classification number | 301.632 |
| Item number | MATN |
| 100 ## - MAIN ENTRY--PERSONAL NAME | |
| Personal name | J S Mathur |
| 100 ## - MAIN ENTRY--PERSONAL NAME | |
| 9 (RLIN) | 37447 |
| 245 ## - TITLE STATEMENT | |
| Title | Non-Violence and Social Change |
| 260 ## - PUBLICATION, DISTRIBUTION, ETC. | |
| Place of publication, distribution, etc. | Ahmedabad |
| Name of publisher, distributor, etc. | Navajivan Publishing House |
| Date of publication, distribution, etc. | 1977 |
| 300 ## - PHYSICAL DESCRIPTION | |
| Extent | xiv,287 p. |
| Other physical details | PB |
| Dimensions | 21x14 cm. |
| 650 ## - SUBJECT ADDED ENTRY--TOPICAL TERM | |
| Topical term or geographic name entry element | Gandhi, Mahatma, 1869-1948 |
| 9 (RLIN) | 37448 |
| 650 ## - SUBJECT ADDED ENTRY--TOPICAL TERM | |
| Topical term or geographic name entry element | Nonviolence -- Congresses |
| 9 (RLIN) | 37449 |
| 650 ## - SUBJECT ADDED ENTRY--TOPICAL TERM | |
| Topical term or geographic name entry element | Social change -- Congresses |
| 9 (RLIN) | 37450 |
| 700 ## - ADDED ENTRY--PERSONAL NAME | |
| Personal name | MATHUR (J S) Ed |
| 9 (RLIN) | 37451 |
| 700 ## - ADDED ENTRY--PERSONAL NAME | |
| Personal name | SHARMA (P C) Ed |
| 9 (RLIN) | 37452 |
| 942 ## - ADDED ENTRY ELEMENTS (KOHA) | |
| Source of classification or shelving scheme | Dewey Decimal Classification |
| Koha item type | George Fernandes Collections |
| Withdrawn status | Lost status | Source of classification or shelving scheme | Damaged status | Not for loan | Collection code | Home library | Current library | Date acquired | Total Checkouts | Full call number | Barcode | Date last seen | Price effective from | Koha item type |
|---|---|---|---|---|---|---|---|---|---|---|---|---|---|---|
| Dewey Decimal Classification | Sociology | St Aloysius Library | St Aloysius Library | 03/24/2013 | 301.632 MATN | GF03814 | 05/16/2022 | 05/16/2022 | George Fernandes Collections |